| 000 | 00569nam a22001577a 4500 | ||
|---|---|---|---|
| 003 | NUST | ||
| 038 | _aNusrat Nadeem | ||
| 082 | _a200 | ||
| 100 |
_aAli, Usman _918496 |
||
| 245 |
_aTuning of Electron Transport Layer (ETL) via Nanostructured Materials and Fabrication of Solution Based Perovskite Solar Cells (PSCs)/ _cUsman Ali, |
||
| 264 |
_aIslamabad: _bSCME NUST. _c2025. |
||
| 650 |
_aPhD-Materials Engineering _9123162 |
||
| 700 |
_aSupervisor Name: Dr. Sofia Javed _9131883 |
||
| 856 | _uhttp://10.250.8.41:8080/xmlui/handle/123456789/55412 | ||
| 942 |
_2ddc _cSC |
||
| 999 |
_c615342 _d615342 |
||